Religion In india / (Record no. 124801)

MARC details
000 -LEADER
fixed length control field 00725nam a22002297a 4500
005 - DATE AND TIME OF LATEST TRANSACTION
control field 20170124105944.0
010 ## - LIBRARY OF CONGRESS CONTROL NUMBER
LC control number A-605725
020 ## - INTERNATIONAL STANDARD BOOK NUMBER
Terms of availability 00.00
International Standard Book Number 0195630920
035 ## - SYSTEM CONTROL NUMBER
System control number A-605725
037 ## - SOURCE OF ACQUISITION
Source of stock number/acquisition Cen Lib/Ret
040 ## - CATALOGING SOURCE
Original cataloging agency DPL
Language of cataloging EN
082 ## - DEWEY DECIMAL CLASSIFICATION NUMBER
Classification number 200.954
Item number REL
245 ## - TITLE STATEMENT
Title Religion In india /
Statement of responsibility, etc edited by T.N. Madan
260 ## - PUBLICATION, DISTRIBUTION, ETC. (IMPRINT)
Name of publisher, distributor, etc Oxford University Press
Date of publication, distribution, etc 1992
Place of publication, distribution, etc New Delhi
270 ## - ADDRESS
City New Delhi
Address YMCA library buildimg, jai sngh road
Postal code 110001
300 ## - PHYSICAL DESCRIPTION
Extent xvii, 460p.
Dimensions 21cm(Hb)
500 ## - GENERAL NOTE
General note Includes bibliographical references and index
650 ## - SUBJECT ADDED ENTRY--TOPICAL TERM
Topical term or geographic name as entry element Religion--India
9 (RLIN) 1539
650 ## - SUBJECT ADDED ENTRY--TOPICAL TERM
Topical term or geographic name as entry element Social cultural aspects
9 (RLIN) 11986
700 ## - ADDED ENTRY--PERSONAL NAME
Personal name Madan, T.N.
9 (RLIN) 73025
942 ## - ADDED ENTRY ELEMENTS (KOHA)
Source of classification or shelving scheme Dewey Decimal Classification
Koha item type English Books
Classification part 200.954
Call number suffix REL
Holdings
Withdrawn status Lost status Damaged status Not for loan Home library Current library Date acquired Source of acquisition Cost, normal purchase price Total Checkouts Full call number Barcode Date last seen Copy number Cost, replacement price Price effective from Koha item type
        Central Library Central Library 18/06/2015 Cen Lib/Ret 0.00   200.954 REL A-605725 18/06/2015 1 0.00 18/06/2015 English Books

© Delhi Public Library
Hit Counter
free hit counter